000 00696nam a2200145Ia 4500
008 171212s9999 xx 000 0 und d
020 _a9781921313288
100 _aClarkson, Chris
245 _cClarkson, Chris
_aLithics in the Land of the Lightning Brothers
_bThe Archaeology of Wardaman Country, Northern Territory
260 _bANU E Press
_c2007
440 _aTerra Australis
650 _aArchaeology
650 _aWardaman (Australian people) -- Victoria River Region (N.T.) -- Antiquities; Social archaeology -- Victoria River Region (N.T.); Cave dwellings -- Victoria River Region (N.T.); Victoria River Region (N.T.) -- Antiquities
856 _uwww.jstor.org/stable/10.2307/j.ctt24hb95
999 _c351189
_d351189